000 01632nam a2200457 i 4500
001 30671
003 KOSZ 005
005 20201103120940.0
008 970510s1993 pl a f |000 0 pol
015 _aUWD 1994/1666
020 _a8385064850
035 _a991000390959705066
035 _a(PL-WaBN)b10147901-48omnis_nlop
035 _ab10147901
035 _a(OCoLC)749371179
035 _a(PL)b0000001014790
035 _a(EXLNZ-48OMNIS_NETWORK)9910446679905606
040 _aWA N
_cWA N
_dKOSZ 005/EG
046 _k1993
080 _a620.9
080 _a(075.8)
100 1 _aSala, Aleksander
_eAutor
245 1 0 _aZmniejszanie energochłonności /
_cAleksander Sala.
260 _aRadom :
_bWydaw. Międzyresortowego Centrum Naukowego Eksploatacji Majątku Trwałego,
_c1993.
300 _a308 s. :
_bmapa, rys., wykr. ;
_c24 cm.
336 _aTekst
_btxt
_2rdacontent
337 _aBez urządzenia pośredniczącego
_bn
_2rdamedia
338 _aWolumin
_bnc
_2rdacarrier
380 _aKsiążki
388 _a1901-2000
388 _a1989-2000
504 _aBibliogr. przy rozdz.
521 _aDla pracowników naukowych, studentów kierunków technicznych, inżynierów i menedżerów.
650 7 _aEnergochłonność
_2DBN
655 7 _aPodręczniki akademickie
_2DBN
658 _aInżynieria i technika
710 2 _aWydawnictwo Międzyresortowego Centrum Naukowego Eksploatacji Majątku Trwałego
_4pbl
856 _uhttp://koha.tu.koszalin.pl/cgi-bin/koha/opac-detail.pl?biblionumber=30671
_yKatalog online BPK
942 _2UKD
_cKS
999 _c30671
_d30671